Nové slovo týždenník pre politiku, hospodárstvo a kultúru

Guardado en:
Detalles Bibliográficos
Formato: Seriadas
Lenguaje:eslovaco
Publicado: Bratislava Pravda 1988
Etiquetas: Agregar Etiqueta
Sin Etiquetas, Sea el primero en etiquetar este registro!

MARC

LEADER 00000nas2a2200000 4500
001 s032996
005 20250730114143.5
041 0 |a slo 
044 |a SK 
245 1 0 |a Nové slovo  |b týždenník pre politiku, hospodárstvo a kultúru 
264 1 |a Bratislava  |b Pravda  |c 1988 
773 0 |w eu_un_cat*s120975